Представление документа в формате RUSMARC

Поле Инд. ПП Название Значение
Тип записи a
Библиографический уровень a
001 Контрольный номер f49e3848194a4a44b79867acd9605aea
005 Дата корректировки 20181127100141.7
100 a Данные общей обработки 20181127 ||| 0rusy0189 ca
101 0_ a Язык текста rus
102 a Страна публикации RU
200 1_ f Первые сведения об ответственности К.А. Савинов
a Заглавие Упрощенное производство как форма осуществления правосудия по гражданским делам: проблемы и перспективы развития
b Общее обозначение материала Текст
210 1_ d Дата издания 2017
461 _0 1 2000
a Арбитражный и гражданский процесс
463 _0 1 2000
a № 1
v С. 50-54
1 2101
d 2017
1 001c564a8359a504ea1b334d6102ca6d244
606 a Основная рубрика Гражданское процессуальное право
610 0_ a Ключевые слова АРБИТРАЖНЫЙ ПРОЦЕСС
a Ключевые слова УПРОЩЕННОЕ ПРОИЗВОДСТВО
700 _1 a Фамилия Савинов
b Имя К.А.
801 _0 a Страна RU
b Организация РГУП
c Дата составления 20181127
g Правила каталогизации PSBO
801 _1 a Страна RU
b Организация РГУП
c Дата составления 20181127
g Правила каталогизации PSBO
901 t Тип документа b
w Контрольный № источника c564a8359a504ea1b334d6102ca6d244
905 a Дата ввода 20181127